| 000 | 00508cam a22002054a 4500 | ||
|---|---|---|---|
| 005 | 20250605164154.0 | ||
| 008 | 250528s ||||||||||||||||||||||||d | ||
| 035 | _a19514 | ||
| 020 | _a465079059 | ||
| 040 |
_aGR-AtMCL _bgre _dGR-AtMCL _eAACR2 |
||
| 245 | 1 | _aSOCIAL PSYCHOLOGY / SOCIOLOGICAL PERSPECTIVES | |
| 250 | _a1 | ||
| 260 |
_bBasic Books, Inc., _c1981 |
||
| 300 | _a776 | ||
| 700 | 1 |
_aRosenberg Morris _9535 |
|
| 700 | 1 |
_aTurner Ralph H _9536 |
|
| 942 | _cBK | ||
| 999 |
_c4770 _d4770 |
||